| 000 | 00486cam a2200193ua 4500 | ||
|---|---|---|---|
| 001 | 8537 | ||
| 008 | 150205n ii |||gr||||Z||||||eng | ||
| 020 | _a9788120332164 | ||
| 040 | _cMAIN | ||
| 041 | _aeng | ||
| 082 | _a410 | ||
| 100 |
_aSyal, P., _eAuthor. |
||
| 245 | 1 |
_aIntroduction to linguistics : _bLanguage,grammar and semantics / _cBy Pushpinder Syal . |
|
| 250 | _a2nd. | ||
| 260 |
_aNew Delhi: _bPHI, _c2007. |
||
| 300 | _avii,176p. | ||
| 653 | _aLinguistics | ||
| 942 | _cBK | ||
| 999 |
_c7638 _d7638 |
||